| 000 | 00671nam a2200229Ii 4500 | ||
|---|---|---|---|
| 003 | JO-AjNU | ||
| 005 | 20240623135534.0 | ||
| 008 | 230605s9999||||xx |||||||||||||| ||und|| | ||
| 017 | _a2003/16975 | ||
| 040 |
_aJO-AjNU _bara _erda _cJO-AjNU |
||
| 041 | _aara | ||
| 050 | 1 | 4 | _aQL468.2003 |
| 100 | 3 |
_aالخضري ، حمد سعدالدين, _eauthor _918424 |
|
| 245 | 0 | 0 | _aالقواقع |
| 260 |
_aالاسكندرية : _bمكنبة المعارف، _c2003 |
||
| 300 | _a94ص | ||
| 336 |
_atext _btxt _2rdacontent |
||
| 337 |
_aunmediated _bn _2rdamedia |
||
| 338 |
_avolume _bnc _2rdacarrier |
||
| 650 | 4 |
_aحيوانت اللافقارية _918425 |
|
| 942 |
_2lcc _cBK |
||
| 999 |
_c9458 _d9458 |
||